Stručná analýza relevantných aspektov vývoja Slovenska od Konferencie OSN o životnom prostredí a rozvoji

Hodnotenie desaťročného obdobia (1992-2002) z hľadiska realizácie odporúčaní Konferencie OSN o životnom prostredí a o trvalo udržateľnom rozvoji na Slovensku. Úspechy a pozitíva. Chyby, slabiny a nedostatky. Ďalšie príležitosti a výzvy v súvislosti s trvalo udržateľným rozvojom.

Gespeichert in:
Bibliographische Detailangaben
1. Verfasser: Huba, Mikuláš
Format: Buchkapitel
Sprache:Slowakisch
Schlagworte:
Tags: Tag hinzufügen
Keine Tags, Fügen Sie das erste Tag hinzu!

MARC

LEADER 00000naa a2200000 4500
001 r045185
005 20230928074407.6
041 0 |a slo 
044 |a SK 
245 1 0 |a Stručná analýza relevantných aspektov vývoja Slovenska od Konferencie OSN o životnom prostredí a rozvoji  |c Mikuláš Huba 
520 |a Hodnotenie desaťročného obdobia (1992-2002) z hľadiska realizácie odporúčaní Konferencie OSN o životnom prostredí a o trvalo udržateľnom rozvoji na Slovensku. Úspechy a pozitíva. Chyby, slabiny a nedostatky. Ďalšie príležitosti a výzvy v súvislosti s trvalo udržateľným rozvojom. 
610 2 0 |a ochrana prostredia životného 
610 2 0 |a rozvoj trvalo udržateľný 
610 2 0 |a prostredie životné 
610 2 0 |a prostredie prírodné 
610 2 0 |a úpravy právne 
610 2 0 |a Slovensko 
100 1 |a Huba, Mikuláš